00525 2200205 4500001002100000005001500021035002000036007000300056008004100059020001800100082001200118084001800130100002000148245005100168260003400219300002800253650001300281856001700294990000800311INLIS00000000000011720220128091712 a0010-0122000117ta220128 g 0 ind  a9789798770333 a006.752 a006.752 LAK j0 aLaksamana Media1 aJoomla :bCara mudah membuat album foto online aYogyakarta :bMediaKom,c2009 a144 hlm ;c14.5 x 21 cm 4aWeb Blog aKoleksi Umum a163